|
|
|
|
| LEADER |
00000nam a22000007a 4500 |
| 005 |
20111014101827.0 |
| 008 |
111014s2011 cl |||||s|||| 00||0 spa d |
| 020 |
|
|
|a 956-10-1362-2
|
| 035 |
|
|
|a 5848
|
| 040 |
|
|
|a vLex
|
| 090 |
|
|
|c 2654
|d 2654
|
| 100 |
1 |
|
|a Puelma Accorsi, ℓlvaro
|
| 245 |
1 |
0 |
|a Sociedades
|h [Recurso electrn̤ico] /
|c Alvaro Puelma Accorsi
|n Tomo I
|p Generalidades y principios comunes, Sociedad colectiva, Sociedad en comandita, Sociedad de responsabilidad limitada
|
| 256 |
|
|
|a Servicio en ln̕ea.
|
| 260 |
|
|
|a [Chile] :
|b Editorial jurd̕ica de Chile,
|c 2011
|
| 300 |
|
|
|a 1 recurso electrn̤ico
|
| 500 |
|
|
|a Completo tratado sobre la sociedades, cuyo primer tomo analiza exhaustivamente los aspectos ms̀ relevantes de la sociedad colectiva, de la sociedad en comandita y de la sociedad de responsabilidad limitada.
|
| 506 |
1 |
|
|a Contenido solo disponible en los productos indicados
|d vLex Global
|d vLex Global (Academic Edition, excluding Law Schools)
|d vLex Global (U.S. Academic Edition, Law Schools)
|d vLex Global (U.S. Academic Edition, excluding Law Schools)
|d vLex Global (Academic Edition, Law Schools)
|
| 650 |
0 |
4 |
|a Sociedades de responsabilidad limitada
|z Chile
|
| 650 |
0 |
4 |
|a Sociedades comanditarias
|y Chile
|
| 650 |
0 |
4 |
|a Sociedades regulares colectivas
|z Chile
|
| 740 |
0 |
|
|a vLex Libros (Servicio en ln̕ea)
|
| 856 |
4 |
0 |
|u http://vlex.com/source/sociedades-tomo-i-5848
|z Acceso restringido
|
| 942 |
|
|
|c BOOK
|